বাংলাদেশ অর্থনীতি / (Record no. 7342)

MARC details
000 -LEADER
fixed length control field 00767nam a22002177a 4500
001 - CONTROL NUMBER
control field BD-DhSAU 7342
003 - CONTROL NUMBER IDENTIFIER
control field BD-DhSAU
005 - DATE AND TIME OF LATEST TRANSACTION
control field 20150522095432.0
008 - FIXED-LENGTH DATA ELEMENTS--GENERAL INFORMATION
fixed length control field 150522b1973 bg a||||r|||| 000 0 ben d
040 ## - CATALOGING SOURCE
Original cataloging agency BD-DhSAU
082 ## - DEWEY DECIMAL CLASSIFICATION NUMBER
Edition number 22
Classification number 330.15492
Item number ALB
100 ## - MAIN ENTRY--PERSONAL NAME
Personal name আলম, এস, এম,
245 ## - TITLE STATEMENT
Title বাংলাদেশ অর্থনীতি /
Statement of responsibility, etc. এস, এম, নুরুল আলম
260 ## - PUBLICATION, DISTRIBUTION, ETC. (IMPRINT)
Place of publication, distribution, etc. ঢাকা :
Name of publisher, distributor, etc. প্রভিন্সিয়াল বুক ডিপো,
Date of publication, distribution, etc. ১৯৭৩.
300 ## - PHYSICAL DESCRIPTION
Extent x, ৫৮৯ পৃ. :
Other physical details চিত্র ;
Dimensions ২১ সেমি
590 ## - Name of Cataloguer
Name of Cataloger joy
650 ## - SUBJECT ADDED ENTRY--TOPICAL TERM
Topical term or geographic name as entry element Economics.
650 ## - SUBJECT ADDED ENTRY--TOPICAL TERM
Topical term or geographic name as entry element অর্থনীতি
650 ## - SUBJECT ADDED ENTRY--TOPICAL TERM
Topical term or geographic name as entry element অর্থনীতি
Geographic subdivision বাংলাদেশ
942 ## - ADDED ENTRY ELEMENTS (KOHA)
Source of classification or shelving scheme Dewey Decimal Classification
Koha item type Book
Holdings
Withdrawn status Lost status Source of classification or shelving scheme Damaged status Not for loan Collection code Home library Branch Name Shelving location Date acquired Total Checkouts Full call number Barcode Date last seen Price effective from Koha item type
    Dewey Decimal Classification   Not For Loan Reference SAU Library SAU Library Reference 22/05/2015   330.15492 ALB 2965 22/05/2015 22/05/2015 Book